Statistics for Lord of the Rings by letter - W

Click here to take the quiz!

General Stats

  • This quiz has been taken 638 times
  • The average score is 8 of 11

Answer Stats

HintAnswer% Correct
Saruman's ColorWhite
99%
Gandalf is a ......Wizard
98%
Wolf-like beings that Orcs rideWargs
94%
Grima's last nameWormtongue
94%
Frodo is stabbed by a Nazgul hereWeathertop
90%
Lord of the Nazgulthe Witch-King of Angmar
89%
Symbol of GondorWhite tree
82%
Region of the Shire (2 options)Westfarthing/Westmarch
69%
Lembas, Elf-breadWaybread
56%
Region of Rohan where Erkenbrand is lordWestfold
48%
Numenor is also known asWesternesse
28%

Score Distribution

Percentile by Number Answered

Percent of People with Each Score

Your Score History

You have not taken this quiz